[Event "Quebec-ch Amateur U2000"]
[Site "Montreal CAN"]
[Date "2014.10.10"]
[Round "1"]
[White "Desjardins, Michel"]
[Black "Alcantara, Maximo jr"]
[Result "1/2-1/2"]
[WhiteElo "1838"]
[BlackElo "1702"]
[PlyCount "65"]
[EventDate "2014.10.10"]
[EventType "swiss"]
[EventRounds "7"]
[EventCountry "CAN"]

1. e4 c6 2. d4 d5 3. exd5 cxd5 4. Bd3 Nc6 5. c3 Nf6 6. Bf4 e6 7. Nd2 Bd6 8.
Bxd6 Qxd6 9. Ngf3 a6 10. O-O O-O 11. Re1 b5 12. a3 Bb7 13. Ne5 Nd7 14. Ndf3
Ndxe5 15. Nxe5 Nxe5 16. dxe5 Qc5 17. Qh5 g6 18. Qh4 Rfc8 19. Re3 Qe7 20. Qf4
Qf8 21. Rae1 Qg7 22. h4 Rf8 23. h5 g5 24. Qg4 h6 25. f4 Kh8 26. f5 exf5 27.
Bxf5 Bc8 28. Bxc8 Raxc8 29. Qf5 Rce8 30. Qd3 Re6 31. Qxd5 Rfe8 32. Qd4 Kh7 33.
R1e2 1/2-1/2

[Event "Quebec-ch Amateur U2000"]
[Site "Montreal CAN"]
[Date "2014.10.10"]
[Round "1"]
[White "Joanis, Marc-Andre"]
[Black "Fan, Run Kun"]
[Result "1/2-1/2"]
[WhiteElo "1854"]
[BlackElo "1712"]
[PlyCount "93"]
[EventDate "2014.10.10"]
[EventType "swiss"]
[EventRounds "7"]
[EventCountry "CAN"]

1. d4 d5 2. c4 c6 3. cxd5 cxd5 4. Nf3 Nf6 5. Nc3 e6 6. Bf4 Bd6 7. Bg3 Ne4 8.
Bxd6 Qxd6 9. Rc1 Bd7 10. e3 O-O 11. Bd3 f5 12. Ne5 Nc6 13. Nxc6 Bxc6 14. f4 Qe7
15. Bxe4 dxe4 16. h4 Rf6 17. Kf2 a5 18. Na4 Qb4 19. b3 Bxa4 20. bxa4 Rff8 21.
Qb3 Qd2+ 22. Kg3 Rf6 23. h5 Qb4 24. Rc3 Rf7 25. Rhc1 Re7 26. Rc8+ Rxc8 27.
Rxc8+ Kf7 28. Qxb4 axb4 29. Rc4 Ke8 30. Rxb4 Rc7 31. Rb3 Kd7 32. Kh4 Kc8 33. g4
Rc1 34. gxf5 Rh1+ 35. Kg4 Rg1+ 36. Kh4 Rh1+ 37. Kg4 Rg1+ 38. Kh3 exf5 39. Kh2
Ra1 40. a3 Re1 41. Kg2 Re2+ 42. Kg3 Re1 43. Rc3+ Kd7 44. Rb3 Kc8 45. Rc3+ Kd7
46. Rb3 Kc8 47. Rc3+ 1/2-1/2

[Event "Quebec-ch Amateur U2000"]
[Site "Montreal CAN"]
[Date "2014.10.10"]
[Round "1"]
[White "Li, Yi Lin"]
[Black "Perna-Fraser, David"]
[Result "0-1"]
[WhiteElo "1761"]
[BlackElo "1872"]
[PlyCount "92"]
[EventDate "2014.10.10"]
[EventType "swiss"]
[EventRounds "7"]
[EventCountry "CAN"]

1. e4 e5 2. Nf3 Nf6 3. Nc3 Bb4 4. Bc4 Nc6 5. O-O O-O 6. Re1 d6 7. h3 Bd7 8. Nd5
Nxd5 9. Bxd5 Bc5 10. c3 Rb8 11. d4 exd4 12. cxd4 Bb4 13. Re2 Ne7 14. Bc4 b5 15.
Bb3 c5 16. Bf4 c4 17. a3 Ba5 18. Bxd6 cxb3 19. Bxb8 Qxb8 20. Qxb3 Ng6 21. Rc1
Rc8 22. Rec2 Rxc2 23. Rxc2 Qf4 24. Qd5 Be6 25. Qxb5 Qxe4 26. Re2 Qb1+ 27. Kh2
Bc7+ 28. g3 h6 29. d5 Bf5 30. Qe8+ Kh7 31. Qxf7 Qf1 32. Qxf5 Qxe2 33. Nh4 Qe8
34. Kg2 Bd8 35. Nxg6 Qxg6 36. Qxg6+ Kxg6 37. g4 Kf6 38. f4 Bc7 39. Kf3 g5 40.
fxg5+ hxg5 41. Ke4 Bb6 42. b4 a6 43. a4 Bg1 44. Kd3 Ke5 45. Kc4 Bf2 46. a5 Ba7
0-1

[Event "Quebec-ch Amateur U2000"]
[Site "Montreal CAN"]
[Date "2014.10.10"]
[Round "1"]
[White "Mangahas, Ronald"]
[Black "Millette, Sylvain"]
[Result "1-0"]
[WhiteElo "1871"]
[BlackElo "1755"]
[PlyCount "89"]
[EventDate "2014.10.10"]
[EventType "swiss"]
[EventRounds "7"]
[EventCountry "CAN"]

1. e4 Nf6 2. Nc3 d5 3. exd5 Nxd5 4. d4 Bf5 5. Bd3 Bxd3 6. Qxd3 e6 7. Nf3 Nc6 8.
O-O Be7 9. Ne4 Ndb4 10. Qd1 Nd5 11. Re1 O-O 12. Qd3 Nf6 13. Ng3 Nb4 14. Qe2 c5
15. a3 Nc6 16. dxc5 Bxc5 17. Bg5 Be7 18. Rad1 Qc7 19. Ne4 Nxe4 20. Qxe4 Rae8
21. Rd3 Bxg5 22. Nxg5 g6 23. Qh4 h5 24. Ne4 Qe7 25. Nf6+ Kh8 26. Rf3 Rd8 27.
Qg5 Kg7 28. Nxh5+ Kh7 29. Nf6+ Kg7 30. h4 Rh8 31. c3 Rh6 32. b4 Qc7 33. b5 Na5
34. Ng4 Rh5 35. Qf6+ Kg8 36. Ne5 Rxe5 37. Qxe5 Qxe5 38. Rxe5 Nc4 39. Rc5 Nd2
40. Rf4 Nb3 41. Rc7 Rd1+ 42. Kh2 Nd2 43. Rfxf7 Nf1+ 44. Kh3 Nd2 45. Rfd7 1-0

[Event "Quebec-ch Amateur U2000"]
[Site "Montreal CAN"]
[Date "2014.10.10"]
[Round "1"]
[White "Morin, Louis"]
[Black "Saha, Ananda"]
[Result "1-0"]
[WhiteElo "1977"]
[BlackElo "1793"]
[PlyCount "45"]
[EventDate "2014.10.10"]
[EventType "swiss"]
[EventRounds "7"]
[EventCountry "CAN"]

1. e4 c5 2. d4 cxd4 3. c3 e6 4. Nf3 Nf6 5. e5 Nd5 6. c4 Nb6 7. Nxd4 a6 8. Bd3
d6 9. Bf4 N8d7 10. Nxe6 Qe7 11. Nc7+ Kd8 12. Nxa8 dxe5 13. O-O Nxa8 14. Re1 g5
15. Be3 Bg7 16. Nc3 Nc7 17. Bf5 Qf6 18. Bxd7 Bxd7 19. Ne4 Qc6 20. Qd3 f6 21.
Rad1 Kc8 22. Nd6+ Kb8 23. Nf7 1-0

[Event "Quebec-ch Amateur U2000"]
[Site "Montreal CAN"]
[Date "2014.10.10"]
[Round "1"]
[White "Ouellet, Maili-Jade"]
[Black "Chevalier, Francois"]
[Result "1-0"]
[WhiteElo "1879"]
[BlackElo "1761"]
[PlyCount "93"]
[EventDate "2014.10.10"]
[EventType "swiss"]
[EventRounds "7"]
[EventCountry "CAN"]

1. d4 Nf6 2. c4 e6 3. Nc3 d5 4. Bg5 c6 5. e3 Be7 6. Nf3 Nbd7 7. Qc2 O-O 8. Bd3
a6 9. c5 Re8 10. h3 Nf8 11. O-O Nh5 12. Bxe7 Rxe7 13. Na4 Nf6 14. Ne5 g6 15. b4
N6d7 16. f4 f6 17. Nf3 Qc7 18. Rae1 f5 19. Rf2 Rb8 20. g4 Nf6 21. Rg2 Bd7 22.
gxf5 exf5 23. Bxf5 Bxf5 24. Qxf5 Ne4 25. Ne5 Rg7 26. Qg4 a5 27. a3 axb4 28.
axb4 Ra8 29. Nb6 Ra3 30. Kh2 Rb3 31. Reg1 Rxe3 32. f5 g5 33. Qh5 Nf6 34. Qh6
Rxe5 35. dxe5 Qxe5+ 36. Kh1 Ne4 37. f6 Nxf6 38. Rxg5 Qe4+ 39. R1g2 Ng6 40. Nc8
Qe1+ 41. Kh2 Qxb4 42. Ne7+ Kf7 43. Nxg6 hxg6 44. Rxg6 Rxg6 45. Qxg6+ Ke7 46.
Rf2 Qd4 47. Qg7+ 1-0

[Event "Quebec-ch Amateur U2000"]
[Site "Montreal CAN"]
[Date "2014.10.10"]
[Round "1"]
[White "Saine, Zachary"]
[Black "Simard, Francois"]
[Result "0-1"]
[WhiteElo "1706"]
[BlackElo "1849"]
[PlyCount "122"]
[EventDate "2014.10.10"]
[EventType "swiss"]
[EventRounds "7"]
[EventCountry "CAN"]

1. e4 c5 2. Nf3 Nc6 3. d4 cxd4 4. Nxd4 g6 5. Be3 Bg7 6. Nc3 Nf6 7. f3 Qb6 8.
Qd2 Nxe4 9. Ndb5 Bxc3 10. bxc3 Qxb5 11. Bxb5 Nxd2 12. Kxd2 h5 13. Rhe1 a6 14.
Ba4 b5 15. Bb3 Bb7 16. Bc5 d6 17. Ba3 Ne5 18. f4 Nc4+ 19. Bxc4 bxc4 20. Bxd6 e6
21. Be5 O-O 22. g3 Rad8+ 23. Kc1 f6 24. Bd4 Bd5 25. Rb1 Kf7 26. Rb6 Ra8 27. Kd2
Rfb8 28. Reb1 Rxb6 29. Rxb6 g5 30. f5 e5 31. Be3 Be4 32. Rb4 Rc8 33. Rb6 Rc6
34. Rb7+ Kg8 35. Rb8+ Kg7 36. Rb7+ Kh6 37. Re7 Bxf5 38. h4 Re6 39. Rf7 Rd6+ 40.
Kc1 Kg6 41. Re7 Be6 42. Bc5 Rc6 43. Be3 gxh4 44. gxh4 Bg4 45. Re8 Kf5 46. Rd8
Ke4 47. Kd2 Rc7 48. Rd6 Rd7 49. Rxd7 Bxd7 50. Ke2 Bg4+ 51. Kf2 Bd1 52. Bh6 Bxc2
53. Bg7 f5 54. Bf6 f4 55. Bg7 Kf5 56. Bh8 e4 57. Bd4 Kg4 58. Bc5 Kxh4 59. Be7+
Kg4 60. Bc5 e3+ 61. Ke2 Bd3+ 0-1

[Event "Quebec-ch Amateur U2000"]
[Site "Montreal CAN"]
[Date "2014.10.11"]
[Round "2"]
[White "Alcantara, Maximo jr"]
[Black "Li, Yi Lin"]
[Result "0-1"]
[WhiteElo "1702"]
[BlackElo "1761"]
[PlyCount "116"]
[EventDate "2014.10.10"]
[EventType "swiss"]
[EventRounds "7"]
[EventCountry "CAN"]

1. d4 d5 2. Bf4 Nf6 3. e3 e6 4. h3 c5 5. c3 Bd7 6. Nf3 Nc6 7. Nbd2 Rc8 8. Bd3
c4 9. Bc2 b5 10. a3 a5 11. Ne5 Qb6 12. Nxc6 Bxc6 13. O-O b4 14. Ba4 Be7 15.
Bxc6+ Qxc6 16. axb4 axb4 17. Qa4 O-O 18. Qxc6 Rxc6 19. Ra7 Re8 20. Rb7 bxc3 21.
bxc3 Ra6 22. Rfb1 Ra2 23. R1b2 Ra1+ 24. Kh2 h6 25. f3 Ba3 26. Rc2 Rc1 27. Rxc1
Bxc1 28. Nf1 Ra8 29. Rb1 Ba3 30. Ra1 Ra5 31. Nd2 Nh5 32. g3 Nxf4 33. gxf4 Kf8
34. Kg2 Ke7 35. Kf2 Kf6 36. Nb1 Bb4 37. Rxa5 Bxa5 38. Ke2 Kg6 39. Kf2 Kh5 40.
Kg3 Bc7 41. Kg2 Bd6 42. Kf2 Kh4 43. Kg2 f5 44. Nd2 Ba3 45. e4 Bc1 46. Nb1 Bxf4
47. exd5 exd5 48. Na3 Bg3 49. Nb5 Bb8 50. Na3 Kg5 51. Nc2 Kf6 52. Nb4 Ke6 53.
Kf2 g5 54. Na6 Bd6 55. Nc5+ Bxc5 56. dxc5 f4 57. h4 Kd7 58. hxg5 hxg5 0-1

[Event "Quebec-ch Amateur U2000"]
[Site "Montreal CAN"]
[Date "2014.10.11"]
[Round "2"]
[White "Chevalier, Francois"]
[Black "Saine, Zachary"]
[Result "1-0"]
[WhiteElo "1761"]
[BlackElo "1706"]
[PlyCount "49"]
[EventDate "2014.10.10"]
[EventType "swiss"]
[EventRounds "7"]
[EventCountry "CAN"]

1. d4 d5 2. Bf4 e6 3. e3 Nf6 4. Nd2 Bd6 5. Bg3 O-O 6. Bd3 Re8 7. f4 b6 8. Qe2
c5 9. c3 a5 10. Ngf3 c4 11. Bc2 b5 12. O-O Bb7 13. Bh4 Nbd7 14. Ne5 Qc7 15. Qf3
Reb8 16. g4 Ne8 17. g5 f5 18. gxf6 Nexf6 19. Qh3 Re8 20. Qf3 Ra6 21. Rf2 Nb6
22. Bxf6 gxf6 23. Rg2+ Kh8 24. Qh5 fxe5 25. Qxe8+ 1-0

[Event "Quebec-ch Amateur U2000"]
[Site "Montreal CAN"]
[Date "2014.10.11"]
[Round "2"]
[White "Fan, Run Kun"]
[Black "Johnson-Constantin, Matthieu"]
[Result "1/2-1/2"]
[WhiteElo "1712"]
[BlackElo "1777"]
[PlyCount "54"]
[EventDate "2014.10.10"]
[EventType "swiss"]
[EventRounds "7"]
[EventCountry "CAN"]

1. Nf3 Nf6 2. g3 g6 3. Bg2 Bg7 4. O-O O-O 5. d4 d6 6. c4 Nbd7 7. Nc3 e5 8. e3
Re8 9. b3 c6 10. Bb2 e4 11. Nd2 d5 12. c5 Bh6 13. b4 a6 14. a4 Nf8 15. Qb3 Ng4
16. Ncxe4 dxe4 17. Nxe4 Be6 18. Qd1 Nf6 19. Nd6 Re7 20. e4 Ne8 21. d5 Nxd6 22.
Qd4 f5 23. cxd6 Qxd6 24. dxe6 Qxd4 25. Bxd4 fxe4 26. Bxe4 Nxe6 27. Bc3 Bg7
1/2-1/2

[Event "Quebec-ch Amateur U2000"]
[Site "Montreal CAN"]
[Date "2014.10.11"]
[Round "2"]
[White "Heredia, Jose"]
[Black "Desjardins, Michel"]
[Result "1/2-1/2"]
[WhiteElo "1897"]
[BlackElo "1838"]
[PlyCount "28"]
[EventDate "2014.10.10"]
[EventType "swiss"]
[EventRounds "7"]
[EventCountry "CAN"]

1. e4 d5 2. exd5 Qxd5 3. Nf3 Bg4 4. Be2 Nc6 5. d4 O-O-O 6. Be3 e5 7. c4 Qa5+ 8.
Bd2 Qa6 9. d5 Bxf3 10. Bxf3 Nd4 11. b3 Qg6 12. O-O Nc2 13. Bh5 Qd3 14. Be2 Qg6
1/2-1/2

[Event "Quebec-ch Amateur U2000"]
[Site "Montreal CAN"]
[Date "2014.10.11"]
[Round "2"]
[White "Lavergne, Daniel"]
[Black "Joanis, Marc-Andre"]
[Result "0-1"]
[WhiteElo "1722"]
[BlackElo "1854"]
[PlyCount "94"]
[EventDate "2014.10.10"]
[EventType "swiss"]
[EventRounds "7"]
[EventCountry "CAN"]

1. e4 e6 2. d3 d5 3. Nd2 c5 4. Ngf3 Nc6 5. g3 Bd6 6. Bg2 Nge7 7. O-O O-O 8. Qe2
f6 9. a3 Bd7 10. Rd1 Rc8 11. Nf1 Be8 12. Bh3 Bd7 13. exd5 exd5 14. Be6+ Kh8 15.
Re1 Ne5 16. Bxd7 Qxd7 17. Bf4 N7c6 18. Nxe5 Bxe5 19. Qh5 Bxf4 20. gxf4 g6 21.
Qh4 Nd4 22. Re3 Nxc2 23. Rae1 Nxe1 24. Rxe1 Rce8 25. Rxe8 Qxe8 26. Ne3 Qe6 27.
Kg2 d4 28. Ng4 h5 29. h3 Kg7 30. Nh2 Qe2 31. Qg3 c4 32. f5 g5 33. Qc7+ Rf7 34.
Qxc4 Qxb2 35. Nf3 b5 36. Qxd4 Qxd4 37. Nxd4 a6 38. Kf3 Re7 39. Ne6+ Kf7 40.
Nd8+ Ke8 41. Ne6 Rxe6 42. fxe6 Ke7 43. Kg3 a5 44. Kf3 Kxe6 45. Ke4 f5+ 46. Kd4
Kd6 47. Ke3 Kd5 0-1

[Event "Quebec-ch Amateur U2000"]
[Site "Montreal CAN"]
[Date "2014.10.11"]
[Round "2"]
[White "Pomerantz, Daniel"]
[Black "Mangahas, Ronald"]
[Result "1-0"]
[WhiteElo "1930"]
[BlackElo "1871"]
[PlyCount "63"]
[EventDate "2014.10.10"]
[EventType "swiss"]
[EventRounds "7"]
[EventCountry "CAN"]

1. e4 c5 2. Nf3 d6 3. d4 cxd4 4. Nxd4 Nf6 5. Nc3 a6 6. Bg5 e6 7. f4 Be7 8. Qf3
Qc7 9. O-O-O Nbd7 10. g4 b5 11. Bxf6 Nxf6 12. g5 Nd7 13. f5 Ne5 14. Qg2 b4 15.
Nce2 Nc4 16. fxe6 fxe6 17. Nf4 Nxb2 18. Kxb2 Qc3+ 19. Kb1 O-O 20. Ndxe6 Bxe6
21. Nxe6 Rfc8 22. Qd2 Kf7 23. Qf2+ Kg8 24. h4 Qe5 25. Qf5 Qc3 26. Bd3 Rab8 27.
Qd5 Kh8 28. Qd4 Bf8 29. Rhf1 a5 30. Rf7 Kg8 31. Rdf1 Re8 32. Rxf8+ 1-0

[Event "Quebec-ch Amateur U2000"]
[Site "Montreal CAN"]
[Date "2014.10.11"]
[Round "2"]
[White "Saha, Ananda"]
[Black "Zumsteg, Nicolas"]
[Result "1-0"]
[WhiteElo "1793"]
[BlackElo "1715"]
[PlyCount "71"]
[EventDate "2014.10.10"]
[EventType "swiss"]
[EventRounds "7"]
[EventCountry "CAN"]

1. d4 Nf6 2. c4 g6 3. Nc3 Bg7 4. e4 d6 5. Be2 O-O 6. Bg5 h6 7. Be3 e5 8. d5 a5
9. Qd2 Kh7 10. O-O-O Na6 11. f3 Ne8 12. g4 f5 13. exf5 gxf5 14. Bd3 Nc5 15. Bc2
e4 16. fxe4 fxg4 17. e5+ Bf5 18. Bxf5+ Rxf5 19. Qc2 Qe7 20. Qxf5+ Kh8 21. e6
Nf6 22. Qg6 Qe8 23. Qxe8+ Rxe8 24. Bxc5 dxc5 25. Nge2 Bf8 26. Rhf1 Kg7 27. Rf2
Be7 28. Rdf1 c6 29. Ng3 Ng8 30. Nf5+ Kg6 31. Nxe7+ Rxe7 32. Rf7 cxd5 33. cxd5
h5 34. Rxe7 Nxe7 35. d6 Nf5 36. d7 1-0

[Event "Quebec-ch Amateur U2000"]
[Site "Montreal CAN"]
[Date "2014.10.11"]
[Round "2"]
[White "Simard, Francois"]
[Black "Ouellet, Maili-Jade"]
[Result "0-1"]
[WhiteElo "1849"]
[BlackElo "1879"]
[PlyCount "96"]
[EventDate "2014.10.10"]
[EventType "swiss"]
[EventRounds "7"]
[EventCountry "CAN"]

1. d4 d5 2. c4 e6 3. Nf3 Nf6 4. Bg5 Be7 5. e3 O-O 6. Nc3 Nbd7 7. Bd3 c6 8. O-O
dxc4 9. Bxc4 b5 10. Bd3 a6 11. Rc1 Bb7 12. Bxf6 Nxf6 13. Ne4 Qd5 14. Nxf6+ Bxf6
15. a3 Be7 16. Qc2 f5 17. e4 Qd7 18. exf5 exf5 19. Rfe1 c5 20. Ne5 Qd5 21. Nf3
Qd7 22. Bxf5 Qxf5 23. Qxf5 Rxf5 24. Rxe7 Bxf3 25. gxf3 cxd4 26. Rd7 Rxf3 27.
Rcc7 Kh8 28. Rxg7 Rg8 29. Rxg8+ Kxg8 30. Rd7 Rd3 31. Rd6 a5 32. Rd5 Rb3 33.
Rxd4 Rxb2 34. Rd5 a4 35. Kf1 Kf7 36. Ke1 Ke6 37. Rh5 Rb3 38. f4 Kd6 39. Rg5 Kc6
40. Rg3 Rb1+ 41. Kd2 Rb2+ 42. Kc3 Rxh2 43. Kb4 Rb2+ 44. Ka5 Rb3 45. Rg5 Rxa3
46. Rxb5 Rb3 47. Rh5 a3 48. Ka4 a2 0-1

[Event "Quebec-ch Amateur U2000"]
[Site "Montreal CAN"]
[Date "2014.10.11"]
[Round "3"]
[White "Alcantara, Maximo jr"]
[Black "Lavergne, Daniel"]
[Result "1/2-1/2"]
[WhiteElo "1702"]
[BlackElo "1722"]
[PlyCount "116"]
[EventDate "2014.10.10"]
[EventType "swiss"]
[EventRounds "7"]
[EventCountry "CAN"]

1. d4 Nf6 2. Bf4 c5 3. c3 e6 4. Nf3 d5 5. e3 Qb6 6. Qb3 Qxb3 7. axb3 a6 8. h3
Be7 9. Bd3 O-O 10. O-O Nc6 11. Ne5 Nxe5 12. Bxe5 Nd7 13. Bh2 f5 14. Nd2 Rf7 15.
Nf3 g5 16. Ne5 Nxe5 17. Bxe5 Bd7 18. f4 Rc8 19. g3 c4 20. bxc4 dxc4 21. Be2 Bf6
22. Bxf6 Rxf6 23. fxg5 Rg6 24. Kh2 Rxg5 25. Bf3 Bc6 26. Ra5 Bxf3 27. Rxf3 Rc6
28. e4 b5 29. h4 fxe4 30. Re3 Rg4 31. Ra1 e5 32. dxe5 Re6 33. Kh3 h5 34. Kg2
Kg7 35. Kh3 Rxe5 36. Rxa6 Rd5 37. Re6 Rd2 38. Re5 Rd3 39. R5xe4 Rxe4 40. Rxe4
Kf6 41. Re2 Kf5 42. Kg2 Kg4 43. Re4+ Kf5 44. Rf4+ Ke5 45. Rf2 Re3 46. Rf3 Re2+
47. Rf2 Re3 48. Kh3 Ke4 49. Rf8 Rd3 50. Rb8 Rd5 51. Rf8 Rd2 52. Rh8 Rxb2 53.
Rxh5 Kd3 54. Rd5+ Kxc3 55. h5 Kb4 56. h6 c3 57. h7 c2 58. h8=Q c1=Q 1/2-1/2

[Event "Quebec-ch Amateur U2000"]
[Site "Montreal CAN"]
[Date "2014.10.11"]
[Round "3"]
[White "Desjardins, Michel"]
[Black "Chevalier, Francois"]
[Result "0-1"]
[WhiteElo "1838"]
[BlackElo "1761"]
[PlyCount "158"]
[EventDate "2014.10.10"]
[EventType "swiss"]
[EventRounds "7"]
[EventCountry "CAN"]

1. e4 e6 2. d4 d5 3. e5 c5 4. c3 Nc6 5. Nf3 Nge7 6. a3 cxd4 7. cxd4 Nf5 8. b4
Qb6 9. Be3 Be7 10. Bd3 O-O 11. Bxf5 exf5 12. Nc3 Be6 13. O-O Rfc8 14. Qd3 Qd8
15. g3 a6 16. h4 g6 17. Rfc1 Na7 18. Na4 Rxc1+ 19. Rxc1 Rc8 20. Nc5 Rc7 21. Ng5
Qc8 22. Qd2 Rc6 23. a4 b6 24. Nd3 Rxc1+ 25. Qxc1 Qxc1+ 26. Bxc1 Nc6 27. Bd2
Nxd4 28. Be3 Nc2 29. Bxb6 Nxb4 30. Nf4 Bd7 31. a5 Bb5 32. Nf3 Bc4 33. Nd4 Nd3
34. Nc6 Ba3 35. Nxd3 Bxd3 36. f4 Kf8 37. Kf2 Bc1 38. Ke1 Ke8 39. Kd1 Bb2 40.
Kd2 Bc4 41. Kc2 Ba3 42. Kd2 Kd7 43. Nb8+ Ke6 44. Nc6 Bb5 45. Nd8+ Ke7 46. Nb7
Bb4+ 47. Ke3 Be1 48. Kf3 Bb4 49. Nd6 Bxd6 50. exd6+ Kxd6 51. Ke3 Bd7 52. Kd4
Kc6 53. Bd8 Be6 54. Bb6 Kb5 55. Bd8 Kb4 56. Bb6 Kb3 57. Kd3 Kb2 58. Kd2 Bd7 59.
Bc7 Bb5 60. Bb6 Kb3 61. Ba7 Kb4 62. Bb6 Kc4 63. Ke3 Kb4 64. Kd4 Kb3 65. Ke3 Kc4
66. Ba7 Kc3 67. Bd4+ Kc2 68. Bb6 Kd1 69. Bd4 Ke1 70. Bc3+ Kf1 71. Bd2 Kg2 72.
Be1 Bc4 73. Kd2 Kf3 74. Kd1 d4 75. Kd2 d3 76. Kc3 Ke2 77. Kxc4 Kxe1 78. Kxd3
Kf2 79. Kd4 Kxg3 0-1

[Event "Quebec-ch Amateur U2000"]
[Site "Montreal CAN"]
[Date "2014.10.11"]
[Round "3"]
[White "Joanis, Marc-Andre"]
[Black "Pomerantz, Daniel"]
[Result "0-1"]
[WhiteElo "1854"]
[BlackElo "1930"]
[PlyCount "92"]
[EventDate "2014.10.10"]
[EventType "swiss"]
[EventRounds "7"]
[EventCountry "CAN"]

1. d4 Nf6 2. c4 e6 3. g3 d5 4. Bg2 dxc4 5. Nf3 Be7 6. O-O O-O 7. Qc2 Nbd7 8.
Qxc4 c5 9. Nc3 Nb6 10. Qd3 cxd4 11. Qxd4 Qxd4 12. Nxd4 a6 13. Bf4 Bb4 14. Rfc1
Bxc3 15. Rxc3 Nbd5 16. Rcc1 Nxf4 17. gxf4 Rb8 18. e3 Bd7 19. Rc7 b6 20. Rd1
Rfc8 21. Rxc8+ Rxc8 22. Bb7 Rc4 23. b3 Rc5 24. Nf3 Kf8 25. Rd6 Ke7 26. Rd4 a5
27. Ne5 b5 28. Kg2 b4 29. Rd2 Bb5 30. Bf3 Rc1 31. Rd1 Rxd1 32. Bxd1 Nd5 33. Bf3
Nc3 34. Bc6 f6 35. Bxb5 fxe5 36. Bc4 exf4 37. Kf3 fxe3 38. Kxe3 Nxa2 39. Kd4
Kd6 40. f4 Nc3 41. h4 Nd5 42. Ke4 Nb6 43. Be2 a4 44. bxa4 Nxa4 45. Bc4 b3 46.
f5 b2 0-1

[Event "Quebec-ch Amateur U2000"]
[Site "Montreal CAN"]
[Date "2014.10.11"]
[Round "3"]
[White "Johnson-Constantin, Matthieu"]
[Black "Simard, Francois"]
[Result "1-0"]
[WhiteElo "1777"]
[BlackElo "1849"]
[PlyCount "25"]
[EventDate "2014.10.10"]
[EventType "swiss"]
[EventRounds "7"]
[EventCountry "CAN"]

1. e4 c5 2. Nf3 Nc6 3. d4 cxd4 4. Nxd4 g6 5. Be2 Bg7 6. Be3 Nf6 7. Nc3 O-O 8.
O-O d5 9. exd5 Nxd5 10. Nxd5 Qxd5 11. Bf3 Qd7 12. Nxc6 Qxd1 13. Nxe7+ 1-0

[Event "Quebec-ch Amateur U2000"]
[Site "Montreal CAN"]
[Date "2014.10.11"]
[Round "3"]
[White "Li, Yi Lin"]
[Black "Heredia, Jose"]
[Result "0-1"]
[WhiteElo "1761"]
[BlackElo "1897"]
[PlyCount "52"]
[EventDate "2014.10.10"]
[EventType "swiss"]
[EventRounds "7"]
[EventCountry "CAN"]

1. e4 c6 2. d4 d5 3. exd5 cxd5 4. Bd3 Nc6 5. c3 Qc7 6. Ne2 Bg4 7. f3 Bd7 8. Bf4
e5 9. dxe5 Nxe5 10. Bc2 Nf6 11. Bb3 Bd6 12. Bxd5 Nxd5 13. Qxd5 Bc6 14. Qd2 Rd8
15. Qe3 O-O 16. Bxe5 Bxe5 17. Nd2 Rfe8 18. Qf2 Bf4 19. O-O-O Be3 20. Qh4 Bb5
21. Ng3 Bd3 22. Qb4 a5 23. Qg4 g6 24. h4 f5 25. Qh3 Qc4 26. h5 Qxa2 0-1

[Event "Quebec-ch Amateur U2000"]
[Site "Montreal CAN"]
[Date "2014.10.11"]
[Round "3"]
[White "Mangahas, Ronald"]
[Black "Saha, Ananda"]
[Result "1-0"]
[WhiteElo "1871"]
[BlackElo "1793"]
[PlyCount "65"]
[EventDate "2014.10.10"]
[EventType "swiss"]
[EventRounds "7"]
[EventCountry "CAN"]

1. e4 c5 2. Nf3 e6 3. d4 cxd4 4. Nxd4 a6 5. Nc3 Qc7 6. Bd3 Nc6 7. Be3 Nf6 8.
O-O d6 9. Kh1 Be7 10. f4 b5 11. f5 Ne5 12. Qe1 Neg4 13. Bg1 e5 14. Nb3 h5 15.
h3 Nh6 16. Be3 Bb7 17. a3 O-O-O 18. Qf2 Nd7 19. a4 b4 20. Nd5 Bxd5 21. exd5 Kb7
22. c3 bxc3 23. bxc3 Ra8 24. Rab1 Kc8 25. a5 e4 26. Bb6 Qb7 27. Bxe4 Nf6 28.
Qd4 Kd7 29. Qa4+ Kc8 30. Qc4+ Kd7 31. Bd4 Qc8 32. Qa4+ Kc7 33. Qc6+ 1-0

[Event "Quebec-ch Amateur U2000"]
[Site "Montreal CAN"]
[Date "2014.10.11"]
[Round "3"]
[White "Millette, Sylvain"]
[Black "Fan, Run Kun"]
[Result "0-1"]
[WhiteElo "1755"]
[BlackElo "1712"]
[PlyCount "58"]
[EventDate "2014.10.10"]
[EventType "swiss"]
[EventRounds "7"]
[EventCountry "CAN"]

1. Nf3 d5 2. g3 g6 3. Bg2 Nf6 4. d4 Bg7 5. O-O O-O 6. c3 e6 7. Nbd2 b6 8. Qc2
Bb7 9. Ne5 Nbd7 10. Nxd7 Qxd7 11. e4 dxe4 12. Nxe4 Nxe4 13. Bxe4 c5 14. dxc5
bxc5 15. Be3 Bxe4 16. Qxe4 Qb5 17. Qc2 Rfd8 18. Rfd1 h5 19. h4 a6 20. Qb3 Rdb8
21. Qxb5 Rxb5 22. Rdc1 c4 23. Rc2 Rab8 24. Rb1 a5 25. a4 Rb3 26. Bd2 Ra3 27. b3
Rbxb3 28. Rxb3 cxb3 29. Rb2 Ra2 0-1

[Event "Quebec-ch Amateur U2000"]
[Site "Montreal CAN"]
[Date "2014.10.11"]
[Round "3"]
[White "Ouellet, Maili-Jade"]
[Black "Morin, Louis"]
[Result "1-0"]
[WhiteElo "1879"]
[BlackElo "1977"]
[PlyCount "89"]
[EventDate "2014.10.10"]
[EventType "swiss"]
[EventRounds "7"]
[EventCountry "CAN"]

1. d4 e5 2. dxe5 Nc6 3. Nf3 Qe7 4. Nc3 Nxe5 5. e4 c6 6. Be2 Nxf3+ 7. Bxf3 d6 8.
O-O Nf6 9. Re1 Qc7 10. Bf4 Nd7 11. Qd2 Be7 12. Rad1 Ne5 13. Be2 O-O 14. Bg3 Rd8
15. b3 Ng6 16. Na4 b5 17. Nb2 Qb6 18. c4 Bb7 19. Kh1 d5 20. exd5 cxd5 21. cxb5
d4 22. Bf1 Rd5 23. a4 Rad8 24. Qd3 Bc8 25. Rc1 Qf6 26. Rc7 Bc5 27. Qc2 Bf5 28.
Bd3 Bxd3 29. Nxd3 Bb6 30. Rc6 Qf5 31. b4 Kf8 32. a5 Ne7 33. Rc4 Rxb5 34. axb6
axb6 35. Bc7 Rd7 36. Bxb6 f6 37. Rc8+ Kf7 38. Qc4+ Kg6 39. Rc5 Rxc5 40. Bxc5
Nd5 41. Bxd4 Nf4 42. Nxf4+ Qxf4 43. Qc2+ f5 44. Qc6+ Rd6 45. Qe8+ 1-0

[Event "Quebec-ch Amateur U2000"]
[Site "Montreal CAN"]
[Date "2014.10.11"]
[Round "3"]
[White "Zumsteg, Nicolas"]
[Black "Saine, Zachary"]
[Result "1-0"]
[WhiteElo "1715"]
[BlackElo "1706"]
[PlyCount "75"]
[EventDate "2014.10.10"]
[EventType "swiss"]
[EventRounds "7"]
[EventCountry "CAN"]

1. e4 e5 2. Nf3 Nc6 3. Bc4 Nf6 4. Ng5 d5 5. exd5 Na5 6. Bb5+ c6 7. dxc6 bxc6 8.
Be2 h6 9. Nf3 e4 10. Ne5 Bd6 11. f4 O-O 12. d3 Qb6 13. Nc3 Rd8 14. a3 Qc7 15.
O-O Bxe5 16. fxe5 Qxe5 17. Bf4 Qe7 18. Qe1 Nb7 19. Qh4 Nc5 20. Bxh6 exd3 21.
Bxd3 Nxd3 22. cxd3 Nd5 23. Qg3 f6 24. Rae1 Qf7 25. Nxd5 cxd5 26. Bd2 Ba6 27.
Bb4 Rd7 28. Re3 Rb7 29. Rfe1 Rc8 30. Re7 Rxe7 31. Rxe7 Rc1+ 32. Kf2 Rc2+ 33.
Ke3 d4+ 34. Kxd4 Qf8 35. Rxa7 Qd8+ 36. Qd6 Qc8 37. Qd5+ Kh8 38. Qh5+ 1-0

[Event "Quebec-ch Amateur U2000"]
[Site "Montreal CAN"]
[Date "2014.10.12"]
[Round "4"]
[White "Chevalier, Francois"]
[Black "Johnson-Constantin, Matthieu"]
[Result "1-0"]
[WhiteElo "1761"]
[BlackElo "1777"]
[PlyCount "39"]
[EventDate "2014.10.10"]
[EventType "swiss"]
[EventRounds "7"]
[EventCountry "CAN"]

1. d4 Nf6 2. Nf3 g6 3. Bg5 Bg7 4. Nbd2 d5 5. e3 O-O 6. Bd3 Nbd7 7. O-O c5 8. c3
cxd4 9. cxd4 b6 10. Qe2 Ne8 11. Rac1 f6 12. Bh4 Nd6 13. Rfe1 f5 14. Bg3 Ne4 15.
Bc7 Qe8 16. Bb5 Bb7 17. Ne5 Bxe5 18. Bxe5 a6 19. Bxd7 Qxd7 20. Rc7 1-0